| 000 | 00545nam a2200193Ia 4500 | ||
|---|---|---|---|
| 008 | 090201s9999 xx 000 0 und d | ||
| 010 | _aKPL-74867 | ||
| 040 | _bमराठी | ||
| 041 | _aमराठी | ||
| 082 |
_a55427 _b74867 |
||
| 100 | _aशिरीष कणेकर | ||
| 245 |
_aकणेकरायण _cशिरीष कणेकर |
||
| 250 | _a1 | ||
| 260 |
_c2008 _bदिलीप प्रकाशन |
||
| 300 | _a340 | ||
| 300 | _bमध्यम | ||
| 600 | _aकणेकरायण | ||
| 942 | _cBOOK | ||
| 999 |
_c251688 _d251688 |
||